Interaktívna prezentácia pre vizuálne spoznávanie.

Enregistré dans:
Détails bibliographiques
Auteur principal: Ševčík, Michal, 1991- (Auteur)
Autres auteurs: Štefanovič, Juraj, 1964- (Directeur de thèse)
Format: Manuscrit Livre
Langue:slovaque
Publié: Bratislava : STU v Bratislave FIIT, 2013
Sujets:
Accès en ligne:VAIS
Tags: Ajouter un tag
Pas de tags, Soyez le premier à ajouter un tag!

MARC

LEADER 00000ntm a22000003a 4500
001 stu275793
005 20150617230239.8
008 131005s2013----xo------------------slo-d
040 |a STU  |b slo 
041 0 |a slo 
044 |a xo 
100 1 |a Ševčík, Michal,  |d 1991-  |4 aut  |u I200  |U FIIT Fakulta informatiky a informačných technológií  |T FIIT Ústav informatiky a softvérového inžinierstva  |X 5761  |U I200  |Y 179  |7 A000005761 
242 0 0 |a Interactive Presentation in Visual Exploring  |y eng 
245 1 |a Interaktívna prezentácia pre vizuálne spoznávanie. 
260 |a Bratislava :  |b STU v Bratislave FIIT,  |c 2013 
300 |a 50 s  |c príl. 
650 7 |a informatika  |2 stusub 
650 7 |a Informatics  |2 estusub 
700 1 |a Štefanovič, Juraj,  |d 1964-  |4 ths  |u I300  |U FIIT Fakulta informatiky a informačných technológií  |T FIIT Ústav aplikovanej informatiky  |X 2056  |U I300  |Y 180  |7 A000002056 
856 4 |a info a plný text  |u http://is.stuba.sk/zp/portal_zp.pl?podrobnosti=77765  |3 VAIS 
996 |b IBAP77/13  |c I*BAP77/13  |l II680  |s A  |a 24  |w stu275793_0001